| 000 | 00888nam a22002417a 4500 | ||
|---|---|---|---|
| 999 |
_c7512 _d7512 |
||
| 003 | AR-CdUCM | ||
| 008 | 190320b ||||| |||| 00| 0 spa d | ||
| 040 |
_aMUNICIPALIDAD PROVINCIAL DEL CUSCO _cBIBLIOTECA MUNICIPAL DEL CUSCO |
||
| 082 |
_a320.980 / _bR44 |
||
| 245 | _aRetrato político de América Latina / | ||
| 260 |
_aPraga : _bPaz y socialismo, _c1974. |
||
| 300 |
_a167 páginas ; _c20 cm. |
||
| 440 |
_aTribuna del pensamiento marxista _921204 |
||
| 505 | _aHacia donde marcha la argentina -- Nacionalismo contra la nación -- La situación política colombiana -- Hacia la revolución del pueblo... | ||
| 650 |
_aPolítica. _9291 |
||
| 650 |
_aAmérica Latina. _91130 |
||
| 650 |
_aIdeologías. _91776 |
||
| 650 |
_aRealidad nacional. _92737 |
||
| 700 |
_aPadilla, L (redactor) _921205 |
||
| 700 |
_aPojvaiin, V (compilador) _921206 |
||
| 942 |
_2ddc _cLIBROS |
||
| 945 | _awfj | ||